Most Lines in The Simpsons: Season 20 Quiz Stats

 Plays Quiz not verified by Sporcle

Score 0/50 Timer 16:00
0 Plays Today
# of lines Character % Correct
1023Homer Simpson
100%
453Bart Simpson
95.6%
534Marge Simpson
95.6%
470Lisa Simpson
95.6%
95Charles Montgomery Burns
86.7%
145Ned Flanders
86.7%
144Moe Szyslak
86.7%
37Nelson Muntz
86.7%
80Milhouse Van Houten
84.4%
113Seymour Skinner
84.4%
59Abraham Simpson
82.2%
101Lenny Leonard
82.2%
66Carl Carlson
82.2%
50Clancy Wiggum
80%
30Ralph Wiggum
80%
26Waylon Smithers
80%
38Krusty the Clown
77.8%
25Apu Nahasapeemapetilon
75.6%
41Barney Gumble
75.6%
22Edna Krabappel
73.3%
40Jimbo Jones
64.4%
33Patty Bouvier
62.2%
40Selma Bouvier
62.2%
42Kearney Zzyzwicz
60%
29Timothy Lovejoy
60%
# of lines Character % Correct
15Martin Prince
57.8%
19Sideshow Mel
55.6%
30Dolph Starbeam
55.6%
50Gary Chalmers
55.6%
23Kirk Van Houten
51.1%
48Julius Hibbert
48.9%
35Comic Book Guy
48.9%
22Lou
48.9%
21Otto Mann
48.9%
33Groundskeeper Willie
46.7%
27Diamond Joe Quimby
46.7%
12Eddie
42.2%
18Helen Lovejoy
37.8%
12Snake
35.6%
16John Frink
33.3%
15Cletus Spuckler
31.1%
16Gil Gunderson
26.7%
17Disco Stu
20%
23Maya
8.9%
23Jenny
8.9%
16Raphael
8.9%
12Jeremy Freedman
8.9%
13Julio
6.7%
30Juliet Hobbes
4.4%
20Simon Woosterfield
4.4%

You're not logged in!

Compare scores with friends on all Sporcle quizzes.
OR
Log In

Sporcle TV

Today on Sporcle TV


Watch our educational content, quiz creation guides, and fun videos on Sporcle TV.

Show Comments

Extras

Top Quizzes Today


Score Distribution

Your Account Isn't Verified!

In order to create a playlist on Sporcle, you need to verify the email address you used during registration. Go to your Sporcle Settings to finish the process.

Report this User

Report this user for behavior that violates our Community Guidelines.

Details: